[Event "SC Hansa Dortmund 2 - SV Welper 1"]
[Site "Regionalliga 2017/2018"]
[Date "2018.02.11"]
[Round "6.2"]
[White "Berndt, Joachim"]
[Black "Kemna, Guido"]
[Result "0-1"]
[WhiteElo "2040"]
[BlackElo "2153"]
[PlyCount "60"]
[EventDate "2018.??.??"]

1. Nf3 d5 2. e3 Nf6 3. c4 c6 4. Nc3 e6 5. d4 Nbd7 6. Bd2 a6 7. Bd3 dxc4 8. Bxc4
b5 9. Be2 c5 10. O-O Be7 11. Qc2 O-O 12. a4 b4 13. Ne4 Nxe4 14. Qxe4 Rb8 15.
dxc5 Nxc5 16. Qc4 a5 17. Qc2 Bb7 18. Rfd1 Be4 19. Qc4 Bd5 20. Qg4 Nb3 21. e4 f5
22. Qg3 fxe4 23. Bh6 Bf6 24. Ng5 Nxa1 25. Nxe6 Bxe6 26. Rxd8 Rbxd8 27. h4 Bxb2
28. h5 Bd4 29. Be3 Nc2 30. Bxd4 Nxd4 0-1

[Event "SC Hansa Dortmund 2 - SV Welper 1"]
[Site "Regionalliga 2017/2018"]
[Date "2018.02.11"]
[Round "6.3"]
[White "Adiyaman, Rene"]
[Black "Schiefelbusch, Dirk"]
[Result "1-0"]
[WhiteElo "2090"]
[BlackElo "2030"]
[PlyCount "63"]
[EventDate "2018.??.??"]

1. e4 c6 2. d4 d5 3. exd5 cxd5 4. Bd3 Nf6 5. Nd2 Bg4 6. Ngf3 Nc6 7. c3 e6 8.
O-O Bd6 9. Re1 O-O 10. Nf1 Bh5 11. Bg5 Rb8 12. Bh4 b5 13. a3 a5 14. Ng3 Bg6 15.
Ne5 Qc7 16. Nxg6 hxg6 17. Bxf6 gxf6 18. Qg4 f5 19. Qh4 Qd8 20. Qh6 Qf6 21. Re2
Rfc8 22. Rae1 b4 23. Rxe6 fxe6 24. Nh5 Bxh2+ 25. Kh1 Qf7 26. Rxe6 gxh5 27. Rg6+
Qxg6 28. Qxg6+ Kf8 29. Qxf5+ Ke8 30. Kxh2 bxc3 31. Qe6+ Kd8 32. Qd6+ 1-0

[Event "SC Hansa Dortmund 2 - SV Welper 1"]
[Site "Regionalliga 2017/2018"]
[Date "2018.02.11"]
[Round "6.4"]
[White "Burchert, Wolfgang"]
[Black "Bastians, Felix"]
[Result "0-1"]
[WhiteElo "1977"]
[BlackElo "2099"]
[PlyCount "106"]
[EventDate "2018.??.??"]

1. e4 Nf6 2. e5 Nd5 3. d4 d6 4. c4 Nb6 5. exd6 exd6 6. Nc3 Nc6 7. d5 Ne5 8. f4
Ned7 9. Nf3 Be7 10. Bd3 O-O 11. O-O Nc5 12. Be2 a5 13. b3 Bf6 14. Nd4 Re8 15.
Bf3 a4 16. Rb1 axb3 17. axb3 Qe7 18. Ncb5 Bxd4+ 19. Nxd4 Bd7 20. Qd2 Qf6 21.
Rd1 Bf5 22. Nxf5 Qxf5 23. Rb2 Ra1 24. Qd4 Nbd7 25. b4 Nd3 26. Re2 Rxe2 27. Qxa1
Re1+ 28. Rxe1 Nxe1 29. Be2 Qe4 30. Bf1 Nd3 31. Qc3 Nxf4 32. Bxf4 Qxf4 33. Qh3
Qd4+ 34. Kh1 Qf2 35. Qd3 Ne5 36. Qe2 Qd4 37. h3 g6 38. Qa2 Qd1 39. Kg1 Qd4+ 40.
Kh1 Qf4 41. Kg1 Kg7 42. Qb3 Qd4+ 43. Kh1 b6 44. b5 h5 45. Qc2 Qf4 46. Be2 Kh6
47. Kg1 f5 48. Kh1 h4 49. Kg1 g5 50. Kh1 g4 51. hxg4 fxg4 52. Qc3 g3 53. Qe1 h3
0-1

[Event "SC Hansa Dortmund 2 - SV Welper 1"]
[Site "Regionalliga 2017/2018"]
[Date "2018.02.11"]
[Round "6.5"]
[White "Linde, Wolfgang"]
[Black "Linker, Walter"]
[Result "1-0"]
[WhiteElo "2093"]
[BlackElo "2027"]
[PlyCount "77"]
[EventDate "2018.??.??"]

1. e4 e5 2. Nf3 Nc6 3. Bb5 a6 4. Bxc6 dxc6 5. O-O Qd6 6. Na3 f6 7. Nc4 Qe6 8.
b3 Bd6 9. d4 Ne7 10. dxe5 fxe5 11. Qd2 O-O 12. Rd1 Ng6 13. Nxd6 cxd6 14. Qxd6
Qg4 15. Qd3 Be6 16. h3 Qh5 17. Ng5 Rae8 18. Nxe6 Rxe6 19. Qd7 Ref6 20. Be3 Qe2
21. Rd2 Qb5 22. Rad1 Qb4 23. f3 h6 24. Qg4 Qc3 25. Kf2 Kh7 26. h4 Nf4 27. h5
R8f7 28. Bxf4 exf4 29. Kf1 Qe5 30. Rd8 Qc5 31. R1d7 Rxd7 32. Rxd7 Qf8 33. Rxb7
Rd6 34. e5 Rd1+ 35. Ke2 Rd5 36. Qg6+ Kh8 37. e6 Re5+ 38. Kf1 a5 39. Rf7 1-0

[Event "SC Hansa Dortmund 2 - SV Welper 1"]
[Site "Regionalliga 2017/2018"]
[Date "2018.02.11"]
[Round "6.6"]
[White "Hillebrand, Carsten"]
[Black "Schaller, Fabian"]
[Result "1/2-1/2"]
[WhiteElo "1849"]
[BlackElo "1985"]
[PlyCount "50"]
[EventDate "2018.??.??"]

1. c4 c6 2. g3 d5 3. Nf3 Nf6 4. Bg2 Bg4 5. Ne5 Be6 6. O-O Nbd7 7. cxd5 Bxd5 8.
Nf3 c5 9. Nc3 Bc6 10. d4 e6 11. a3 a6 12. Qd3 cxd4 13. Qxd4 Bc5 14. Qh4 Be7 15.
Qh3 O-O 16. Be3 Rc8 17. Rfd1 Qc7 18. Rac1 b5 19. Nd4 Bxg2 20. Qxg2 Bc5 21. Ne4
Nxe4 22. Qxe4 Nf6 23. Qf3 Qb6 24. b4 Bxd4 25. Bxd4 Rxc1 1/2-1/2

[Event "SC Hansa Dortmund 2 - SV Welper 1"]
[Site "Regionalliga 2017/2018"]
[Date "2018.02.11"]
[Round "6.7"]
[White "Schaller, Torsten"]
[Black "Krueger, Simon"]
[Result "0-1"]
[WhiteElo "1972"]
[BlackElo "1966"]
[PlyCount "118"]
[EventDate "2018.??.??"]

1. e4 e6 2. d4 d5 3. Nc3 Nf6 4. e5 Nfd7 5. f4 c5 6. Nf3 Nc6 7. Be3 cxd4 8. Nxd4
Bb4 9. a3 Bxc3+ 10. bxc3 Qa5 11. Bd2 Qc5 12. Nb3 Qe7 13. Bd3 Nc5 14. O-O Bd7
15. Be3 b6 16. Qf3 Nxd3 17. cxd3 O-O 18. a4 Rfc8 19. g4 Rc7 20. Qg3 Rac8 21. f5
d4 22. Nxd4 Nxd4 23. Bxd4 Rxc3 24. Bxc3 Rxc3 25. Qe3 exf5 26. Qd4 Rc6 27. Rf3
fxg4 28. Rf2 Rc5 29. Re1 h5 30. Qf4 h4 31. Rfe2 Ra5 32. Re4 Bc6 33. Rc4 Qe6 34.
Rec1 Bb7 35. Rc7 Qd5 36. Qe4 Qxe4 37. dxe4 Bxe4 38. R1c4 Bf5 39. Rd4 g5 40. Re7
Be6 41. Re4 Kg7 42. Kf2 Kg6 43. Rb4 Kf5 44. Rc7 Kxe5 45. Rb5+ Rxb5 46. axb5 Kd6
47. Rxa7 Kc5 48. Ra8 Kxb5 49. Rg8 Kc4 50. Ke3 b5 51. Kd2 b4 52. Kc2 Bf5+ 53.
Kb2 Bg6 54. Rc8+ Kd3 55. Re8 Be4 56. Rg8 g3 57. hxg3 hxg3 58. Rxg5 g2 59. Rg4
f5 0-1

[Event "SC Hansa Dortmund 2 - SV Welper 1"]
[Site "Regionalliga 2017/2018"]
[Date "2018.02.11"]
[Round "6.8"]
[White "Zelt, Jens"]
[Black "Olf, Hans-Helmut"]
[Result "1-0"]
[WhiteElo "2041"]
[BlackElo "1991"]
[PlyCount "95"]
[EventDate "2018.??.??"]

1. d4 Nf6 2. Nf3 g6 3. h3 Bg7 4. c3 d6 5. Bf4 O-O 6. e3 c5 7. Be2 cxd4 8. exd4
Bd7 9. O-O Bc6 10. Nbd2 Nbd7 11. Nc4 b5 12. Ne3 Nb6 13. Bg5 Nbd5 14. Re1 Nxe3
15. Bxe3 Nd5 16. Bd2 Rb8 17. Qc1 Re8 18. Bh6 Bh8 19. Ng5 e5 20. dxe5 dxe5 21.
Bf1 Nf4 22. Qe3 Qb6 23. Qxb6 Rxb6 24. Ne4 Ne6 25. Be3 Rbb8 26. f3 a5 27. Rad1
Red8 28. Rxd8+ Nxd8 29. Rd1 Nb7 30. Bb6 f5 31. Nc5 Nxc5 32. Bxc5 Bg7 33. Rd6
Be8 34. Ra6 a4 35. Bd6 Rd8 36. Rb6 e4 37. Kf2 exf3 38. Kxf3 Kf7 39. Be2 Bf6 40.
Ba3 Rd5 41. Rb7+ Rd7 42. Rxb5 Ra7 43. Bc4+ Kg7 44. Rb8 Bc6+ 45. Kf2 Be5 46.
Bf8+ Kf6 47. Rb6 Rc7 48. Bd5 1-0

[Event "SK Sodingen/Castrop 1 - SV Wattenscheid"]
[Site "Regionalliga 2017/2018"]
[Date "2018.02.11"]
[Round "6"]
[White "Schlehöfer, Ralf"]
[Black "Tomaszewski, Roman"]
[Result "1/2-1/2"]
[WhiteElo "2216"]
[BlackElo "2191"]
[PlyCount "100"]
[EventDate "2018.??.??"]

1. d4 Nf6 2. c4 g6 3. Nc3 d5 4. cxd5 Nxd5 5. Qa4+ Bd7 6. Qb3 Nxc3 7. bxc3 b6 8.
e4 Bg7 9. Bc4 O-O 10. h4 Nc6 11. Qd1 Na5 12. Bd3 e5 13. h5 exd4 14. hxg6 fxg6
15. cxd4 Bxd4 16. Bc4+ Nxc4 17. Qxd4 Be6 18. Nf3 Qxd4 19. Nxd4 Bd7 20. Bh6 c5
21. Bxf8 cxd4 22. Bh6 Ba4 23. Rc1 b5 24. Bg5 Re8 25. f3 d3 26. Rxc4 bxc4 27.
Kd2 Re5 28. Be3 Ra5 29. Rb1 Bc6 30. Kc3 Rxa2 31. Kxc4 a6 32. Kxd3 Rxg2 33. Kd4
Rc2 34. Ke5 Kf7 35. Rb8 h5 36. Kd6 Bb5 37. Rb7+ Ke8 38. Rb8+ Kf7 39. Rb7+ Ke8
40. e5 Rc6+ 41. Kd5 Rc8 42. Rh7 Rd8+ 43. Ke6 Bc4+ 44. Kf6 Rd3 45. e6 Bxe6 46.
Re7+ Kd8 47. Rxe6 h4 48. f4 h3 49. Bb6+ Kd7 50. Re7+ Kc6 1/2-1/2

[Event "SK Sodingen/Castrop 1 - SV Wattenscheid"]
[Site "Regionalliga 2017/2018"]
[Date "2018.02.11"]
[Round "6"]
[White "Waldschmidt, Georg"]
[Black "Schröder, Wilfried"]
[Result "1/2-1/2"]
[WhiteElo "2209"]
[BlackElo "2166"]
[PlyCount "115"]
[EventDate "2018.??.??"]

1. e4 c6 2. d4 d5 3. e5 c5 4. dxc5 e6 5. Nf3 Bxc5 6. Bd3 Nc6 7. a3 f6 8. b4 Bb6
9. O-O fxe5 10. b5 e4 11. bxc6 exd3 12. cxb7 Bxb7 13. cxd3 Nf6 14. Bb2 O-O 15.
Nbd2 Rc8 16. Nb3 Qd7 17. Bd4 Bxd4 18. Nbxd4 Ba6 19. Re1 Rfe8 20. Ne5 Qd6 21.
Qa4 Rc3 22. h3 Rec8 23. g3 Bxd3 24. Qxa7 R3c7 25. Qa4 Be4 26. Nef3 Rc4 27. Qd1
e5 28. Nb5 Qc5 29. a4 Rc2 30. Rf1 d4 31. Ne1 Rb2 32. Nd3 Bxd3 33. Qxd3 Qc2 34.
Qf3 e4 35. Qf5 d3 36. Qe6+ Kh8 37. Nd6 Rf8 38. Nf7+ Rxf7 39. Qxf7 e3 40. Qf8+
Ng8 41. Qf3 e2 42. Rfe1 d2 43. Qxe2 d1=Q 44. Raxd1 Qxe2 45. Rxe2 Rxe2 46. Ra1
Re6 47. Kg2 Ne7 48. Kf3 Kg8 49. Kg4 Ra6 50. f4 Ra5 51. h4 h6 52. Kf3 Nd5 53. g4
Nc3 54. g5 Rxa4 55. Rc1 Rxf4+ 56. Kxf4 Ne2+ 57. Kf5 Nxc1 58. gxh6 1/2-1/2

[Event "SK Sodingen/Castrop 1 - SV Wattenscheid"]
[Site "Regionalliga 2017/2018"]
[Date "2018.02.11"]
[Round "6"]
[White "Köhn, Peter"]
[Black "Böhnke, Martin"]
[Result "0-1"]
[WhiteElo "2163"]
[BlackElo "2118"]
[PlyCount "64"]
[EventDate "2018.??.??"]

1. c4 c6 2. Nf3 d5 3. g3 Nf6 4. Bg2 g6 5. b3 Bg7 6. Bb2 O-O 7. O-O a5 8. Nc3
Ne4 9. d4 Bf5 10. Rc1 Nxc3 11. Bxc3 Be4 12. Bh3 Bxf3 13. exf3 e6 14. Re1 Nd7
15. f4 Qb6 16. c5 Qc7 17. a3 b6 18. b4 axb4 19. axb4 bxc5 20. bxc5 Rfb8 21. Qc2
Ra3 22. Rb1 Rxb1 23. Rxb1 Qa7 24. Bf1 Bf6 25. Rb3 Qa4 26. Rb2 Bxd4 27. Bxd4
Qxd4 28. Rb7 Nxc5 29. Rc7 Ne4 30. Rxc6 Rf3 31. Rxe6 fxe6 32. Qc8+ Kg7 0-1

[Event "SK Sodingen/Castrop 1 - SV Wattenscheid"]
[Site "Regionalliga 2017/2018"]
[Date "2018.02.11"]
[Round "6"]
[White "Kusnetsov, Mark"]
[Black "Lang, Daniel"]
[Result "1-0"]
[WhiteElo "2104"]
[BlackElo "2067"]
[PlyCount "59"]
[EventDate "2018.??.??"]

1. d4 d5 2. Nf3 Nf6 3. c4 e6 4. g3 dxc4 5. Bg2 Bb4+ 6. Nc3 O-O 7. O-O Nd5 8.
Qc2 c6 9. Ng5 g6 10. e4 Nxc3 11. bxc3 Be7 12. h4 b5 13. e5 Bb7 14. Ne4 Nd7 15.
Bg5 f6 16. exf6 Nxf6 17. Rae1 Re8 18. Bxf6 Bxf6 19. Nc5 Qc8 20. Re2 e5 21. Rfe1
Qc7 22. dxe5 Be7 23. Ne6 Qc8 24. Nf4 c5 25. Nxg6 hxg6 26. Qxg6+ Kh8 27. Bxb7
Qxb7 28. e6 Bf8 29. Re5 Re7 30. Rh5+ 1-0

[Event "SK Sodingen/Castrop 1 - SV Wattenscheid"]
[Site "Regionalliga 2017/2018"]
[Date "2018.02.11"]
[Round "6"]
[White "Gohla, Ulf"]
[Black "Werrn, Pascal"]
[Result "1-0"]
[WhiteElo "2120"]
[BlackElo "2068"]
[PlyCount "51"]
[EventDate "2018.??.??"]

1. d4 Nf6 2. c4 e6 3. Nc3 c5 4. d5 exd5 5. cxd5 d6 6. e4 g6 7. h3 Nbd7 8. Nf3
Bg7 9. Bd3 a6 10. a4 O-O 11. O-O Nh5 12. Bg5 Bf6 13. Bxf6 Qxf6 14. g3 Re8 15.
Kh2 Rb8 16. Be2 b5 17. axb5 axb5 18. Bxb5 Ne5 19. Nxe5 Rxe5 20. f4 Rxb5 21.
Nxb5 Rxe4 22. Nc3 Rd4 23. Qe2 Nxg3 24. Kxg3 Qf5 25. Qg4 Rd3+ 26. Kg2 1-0

[Event "SK Sodingen/Castrop 1 - SV Wattenscheid"]
[Site "Regionalliga 2017/2018"]
[Date "2018.02.11"]
[Round "6"]
[White "Müller, Frank"]
[Black "Schlange, Stefan"]
[Result "0-1"]
[WhiteElo "1996"]
[BlackElo "2076"]
[PlyCount "66"]
[EventDate "2018.??.??"]

1. d4 d5 2. Bf4 c6 3. e3 Bf5 4. c4 e6 5. Nc3 Bd6 6. Bxd6 Qxd6 7. c5 Qc7 8. Nf3
Nd7 9. Be2 Ngf6 10. O-O O-O 11. Nh4 Bg6 12. Nxg6 hxg6 13. f4 b6 14. b4 a5 15.
a3 Rfb8 16. Qc2 Ra7 17. g4 Rba8 18. Rac1 axb4 19. axb4 Kf8 20. g5 Ng8 21. e4
bxc5 22. bxc5 Ne7 23. f5 gxf5 24. exf5 Nxf5 25. Rxf5 exf5 26. Qxf5 g6 27. Qg4
Ra1 28. Rxa1 Rxa1+ 29. Kg2 Kg8 30. h4 Nf8 31. Bf3 Ne6 32. Ne2 Ra2 33. Kh3 Rd2
0-1

[Event "SK Sodingen/Castrop 1 - SV Wattenscheid"]
[Site "Regionalliga 2017/2018"]
[Date "2018.02.11"]
[Round "6"]
[White "Schwebel, Markus"]
[Black "Rohovoy, Dmitrij"]
[Result "0-1"]
[WhiteElo "2036"]
[BlackElo "1930"]
[PlyCount "50"]
[EventDate "2018.??.??"]

1. e4 c5 2. c3 d5 3. exd5 Qxd5 4. d4 e6 5. Nf3 Nf6 6. Bd3 cxd4 7. cxd4 Be7 8.
Nc3 Qd8 9. O-O O-O 10. Qe2 Nc6 11. Rd1 Nb4 12. Bc4 Nbd5 13. Bg5 a6 14. Rac1 Re8
15. Ne5 Nxc3 16. Rxc3 Nd5 17. Rg3 Bxg5 18. Qh5 f6 19. Bd3 fxe5 20. Bxh7+ Kf8
21. Bg6 Bh6 22. dxe5 Bd7 23. Rf3+ Kg8 24. Be4 Rf8 25. Rg3 Nf4 0-1

[Event "SK Sodingen/Castrop 1 - SV Wattenscheid"]
[Site "Regionalliga 2017/2018"]
[Date "2018.02.11"]
[Round "6"]
[White "Becker, Jörg"]
[Black "Klüting, Reiner"]
[Result "1-0"]
[WhiteElo "2114"]
[BlackElo "1891"]
[PlyCount "95"]
[EventDate "2018.??.??"]

1. d4 Nf6 2. Nf3 d5 3. Bg5 c6 4. Nbd2 g6 5. Bxf6 exf6 6. e4 dxe4 7. Nxe4 Bg7 8.
Bc4 O-O 9. O-O Bg4 10. c3 Nd7 11. h3 Bf5 12. Ng3 Nb6 13. Bb3 Qd7 14. Nxf5 Qxf5
15. Qd2 Qd7 16. Rfe1 Rfe8 17. Rxe8+ Rxe8 18. Re1 Rxe1+ 19. Nxe1 Bf8 20. Qf4 Kg7
21. Nd3 Bd6 22. Qe4 Qe7 23. f3 f5 24. Qxe7 Bxe7 25. Kf2 Nd7 26. Ke3 Bd6 27. Bd1
Nb6 28. Bb3 Nd7 29. c4 Kf6 30. f4 Ke7 31. Bd1 f6 32. b4 Nf8 33. Bf3 g5 34. g3
Ng6 35. a4 gxf4+ 36. gxf4 Nh4 37. Bh1 Ng6 38. d5 cxd5 39. Bxd5 b6 40. Kf3 Nf8
41. Kg3 Ne6 42. Bxe6 Kxe6 43. Kf3 a5 44. bxa5 bxa5 45. Ke3 Ba3 46. Kd4 Kd6 47.
c5+ Kc6 48. Kc4 1-0

[Event "Oberhausener SV 2 - SV Ahlen 1"]
[Site "Regionalliga 2017/2018"]
[Date "2018.02.11"]
[Round "6.1"]
[White "Steinle, Carsten"]
[Black "Nissen, Claus"]
[Result "0-1"]
[WhiteElo "2157"]
[BlackElo "2100"]
[PlyCount "38"]
[EventDate "2018.??.??"]

1. b3 e5 2. Bb2 Nc6 3. e4 Nf6 4. Nc3 Bc5 5. Bc4 d6 6. Nf3 Bg4 7. h3 Bh5 8. g4
Bg6 9. Qe2 Qd7 10. O-O-O O-O-O 11. Rdg1 Nd4 12. Nxd4 exd4 13. Nb5 Rhe8 14. f3
d5 15. Bd3 dxe4 16. fxe4 Bxe4 17. Rh2 Bxd3 18. Qxd3 a6 19. Ba3 Bxa3+ 0-1

[Event "Oberhausener SV 2 - SV Ahlen 1"]
[Site "Regionalliga 2017/2018"]
[Date "2018.02.11"]
[Round "6.2"]
[White "Joergens, Markus"]
[Black "Torres-Kuckel, Rafael"]
[Result "1-0"]
[WhiteElo "2004"]
[BlackElo "2070"]
[PlyCount "81"]
[EventDate "2018.??.??"]

1. d4 Nf6 2. c4 e6 3. Nf3 c5 4. d5 b5 5. Bg5 h6 6. Bxf6 Qxf6 7. Qd2 exd5 8.
cxd5 b4 9. e4 d6 10. a3 a5 11. axb4 cxb4 12. Qc2 Nd7 13. Qc6 Rb8 14. e5 dxe5
15. Rxa5 Be7 16. Nbd2 e4 17. Nxe4 Qxb2 18. Bd3 O-O 19. O-O Ne5 20. Nxe5 Qxe5
21. d6 Qxa5 22. dxe7 Be6 23. exf8=Q+ Rxf8 24. Qb5 Qxb5 25. Bxb5 Rc8 26. Rb1 b3
27. Nd2 Rb8 28. Bc4 Bxc4 29. Nxc4 Rc8 30. Ne3 Rc3 31. Kf1 g6 32. Ke2 Kg7 33.
Kd2 Rc7 34. Rxb3 Rd7+ 35. Rd3 Ra7 36. Ke2 Rb7 37. f4 Re7 38. Kf3 Ra7 39. Nc4
Re7 40. Ne5 f6 41. Rd7 1-0

[Event "Oberhausener SV 2 - SV Ahlen 1"]
[Site "Regionalliga 2017/2018"]
[Date "2018.02.11"]
[Round "6.3"]
[White "Volesky, Karl-Heinz"]
[Black "Matzat, Andre"]
[Result "0-1"]
[WhiteElo "2050"]
[BlackElo "2021"]
[PlyCount "78"]
[EventDate "2018.??.??"]

1. e4 c5 2. Nf3 e6 3. d4 cxd4 4. Nxd4 a6 5. Nc3 b5 6. Bd3 Qb6 7. Nb3 Qc7 8. a4
b4 9. Ne2 Nf6 10. Ned4 e5 11. Nf3 Bb7 12. Qe2 Be7 13. Bg5 h6 14. Bh4 d6 15.
Nfd2 Nbd7 16. O-O O-O 17. a5 Rfe8 18. f3 d5 19. exd5 Nxd5 20. Bxe7 Rxe7 21. Qf2
Rc8 22. Rac1 Nf4 23. Be4 Nc5 24. Bf5 Nxb3 25. Nxb3 Rd8 26. c3 Qc4 27. Rcd1 Rxd1
28. Rxd1 g6 29. Nd2 Qe2 30. Bc2 bxc3 31. bxc3 Rd7 32. c4 Bc6 33. Qxe2 Nxe2+ 34.
Kf2 Nc3 35. Ke1 Nxd1 36. Bxd1 Kg7 37. Be2 Rb7 38. c5 Rb2 39. Nc4 Rb1+ 0-1

[Event "Oberhausener SV 2 - SV Ahlen 1"]
[Site "Regionalliga 2017/2018"]
[Date "2018.02.11"]
[Round "6.4"]
[White "Gerst, Michael"]
[Black "Volesky, Alexander"]
[Result "0-1"]
[WhiteElo "1993"]
[BlackElo "1988"]
[PlyCount "60"]
[EventDate "2018.??.??"]

1. d4 Nf6 2. c4 c5 3. Nf3 g6 4. Nc3 cxd4 5. Nxd4 Bg7 6. g3 Nc6 7. Bg2 O-O 8.
O-O Nxd4 9. Qxd4 d6 10. Qd3 Ng4 11. b3 Qa5 12. Bd2 Qh5 13. h3 Ne5 14. g4 Nxd3
15. gxh5 Bxc3 16. Bxc3 Nf4 17. Bf3 Nxh3+ 18. Kh2 Ng5 19. hxg6 Nxf3+ 20. exf3
fxg6 21. Kg3 Bd7 22. f4 Bc6 23. Rfe1 e5 24. Bd2 Rf5 25. fxe5 Rf3+ 26. Kh4 Rxf2
27. Bb4 Raf8 28. e6 Rh2+ 29. Kg4 Rg2+ 30. Kh3 Rf5 0-1

[Event "Oberhausener SV 2 - SV Ahlen 1"]
[Site "Regionalliga 2017/2018"]
[Date "2018.02.11"]
[Round "6.5"]
[White "Busche, Klaus"]
[Black "Weyh, Thomas"]
[Result "1/2-1/2"]
[WhiteElo "1916"]
[BlackElo "2000"]
[PlyCount "28"]
[EventDate "2018.??.??"]

1. d4 d5 2. Nc3 Nf6 3. Bf4 c6 4. e3 Bf5 5. Bd3 Bxd3 6. cxd3 e6 7. Nf3 Bd6 8.
Ne5 Qc7 9. Bg3 Nfd7 10. Nxd7 Nxd7 11. Bxd6 Qxd6 12. O-O O-O 13. Rc1 f5 14. f4
Rac8 1/2-1/2

[Event "Oberhausener SV 2 - SV Ahlen 1"]
[Site "Regionalliga 2017/2018"]
[Date "2018.02.11"]
[Round "6.6"]
[White "Groß, Thomas"]
[Black "Starp, Klaus"]
[Result "1-0"]
[WhiteElo "2004"]
[BlackElo "1913"]
[PlyCount "61"]
[EventDate "2018.??.??"]

1. Nf3 d5 2. g3 c5 3. Bg2 Nf6 4. O-O Nc6 5. d4 e6 6. c4 Bd6 7. cxd5 exd5 8. Bg5
Be6 9. Nc3 cxd4 10. Nxd4 h6 11. Bxf6 Qxf6 12. Ndb5 O-O-O 13. Nxd6+ Rxd6 14. Ne4
dxe4 15. Qxd6 Qxb2 16. Rac1 Qb6 17. Rfd1 Qc7 18. Qxc7+ Kxc7 19. Bxe4 Bxa2 20.
Bxc6 bxc6 21. Ra1 Bc4 22. Rxa7+ Kb6 23. Re7 Be6 24. f4 g6 25. Kf2 Rc8 26. e4
Rf8 27. Ke3 h5 28. Rc1 c5 29. Rb1+ Ka6 30. Reb7 Rd8 31. R7b2 1-0

[Event "Oberhausener SV 2 - SV Ahlen 1"]
[Site "Regionalliga 2017/2018"]
[Date "2018.02.11"]
[Round "6.7"]
[White "Dreesbach, Harald"]
[Black "Seibert, Michael"]
[Result "1/2-1/2"]
[WhiteElo "1758"]
[BlackElo "1929"]
[PlyCount "57"]
[EventDate "2018.??.??"]

1. d4 g6 2. Nf3 Bg7 3. e3 c5 4. Bd3 cxd4 5. exd4 d5 6. c3 Bg4 7. Nbd2 Nc6 8.
O-O Nf6 9. h3 Bd7 10. Re1 Qc7 11. Ne5 Nxe5 12. dxe5 Ne4 13. Nxe4 dxe4 14. Bxe4
Rd8 15. Qf3 b6 16. Bf4 e6 17. Bg5 Rc8 18. Bf6 Bxf6 19. Qxf6 O-O 20. Rad1 Ba4
21. Rd4 Bc6 22. Bxc6 Qxc6 23. Ree4 Rcd8 24. Rc4 Rd1+ 25. Kh2 Qd5 26. Rh4 Re1
27. Rxh7 Qxe5+ 28. Qxe5 Rxe5 29. Rhh4 1/2-1/2

[Event "Oberhausener SV 2 - SV Ahlen 1"]
[Site "Regionalliga 2017/2018"]
[Date "2018.02.11"]
[Round "6.8"]
[White "Demircan, Baris"]
[Black "Leifeld, Jochen"]
[Result "1-0"]
[WhiteElo "1801"]
[BlackElo "1782"]
[PlyCount "133"]
[EventDate "2018.??.??"]

1. e4 c5 2. Nf3 Nc6 3. Nc3 d6 4. Bc4 e6 5. d3 a6 6. a4 Nf6 7. Bg5 Be7 8. Qd2
Bd7 9. O-O h6 10. Bh4 O-O 11. Rfe1 Qc7 12. Bg3 Nh5 13. Ne2 Nxg3 14. Nxg3 Kh7
15. c3 Na5 16. Re3 b5 17. Ba2 bxa4 18. Rd1 Nb3 19. Qc2 e5 20. Bb1 g6 21. h4 h5
22. d4 cxd4 23. cxd4 Qxc2 24. Bxc2 Bg4 25. dxe5 dxe5 26. Rd5 Bxf3 27. gxf3 Nd4
28. Bxa4 Rfd8 29. Rxe5 Bxh4 30. Nxh5 Rab8 31. b3 Rbc8 32. Nf4 Rc2 33. Nh3 Bf6
34. Rd5 Rh8 35. e5 Rc1+ 36. Kg2 Nc2 37. exf6 Nxe3+ 38. fxe3 Rhc8 39. Ng5+ Kg8
40. b4 Rb1 41. b5 axb5 42. Bxb5 Rbc1 43. Bd3 R1c5 44. Be4 R5c6 45. Rd8+ Rxd8
46. Bxc6 Rd6 47. Be8 Rxf6 48. Bxf7+ Kg7 49. Bc4 Rc6 50. Be2 Kf6 51. Ne4+ Ke5
52. Ng3 g5 53. Kf2 Rc2 54. Ke1 Ra2 55. Bd1 Rg2 56. Ne2 g4 57. f4+ Ke4 58. Kd2
Rf2 59. Ba4 g3 60. Bc6+ Kf5 61. Ke1 Kg4 62. Be4 Kh3 63. Bd5 Kg4 64. e4 Kf3 65.
e5+ Ke3 66. Nxg3 Rd2 67. Nf1+ 1-0

[Event "SF Werden - SV Bottrop"]
[Site "?"]
[Date "2018.02.04"]
[Round "6"]
[White "Böhm, Joachim"]
[Black "Roth, Markus"]
[Result "1-0"]
[WhiteElo "2123"]
[BlackElo "2143"]
[PlyCount "46"]

1. e4 e6 2. d3 d5 3. Be2 Nf6 4. e5 Nfd7 5. f4 b6 6. Nf3 Bb7 7. O-O c5 8. c3 d4
9. c4 Nc6 10. Nbd2 f5 11. exf6 Nxf6 12. Ng5 Qd7 13. Bf3 O-O-O 14. a3 h6 15.
Nge4 Nxe4 16. Nxe4 g5 17. Qe2 Bd6 18. Bg4 Kb8 19. Nxd6 Qxd6 20. Qxe6 Qxe6 21.
Bxe6 Rde8 22. Bd7 Re2 23. Bg4 Rc2 1-0

[Event "SF Werden - SV Bottrop"]
[Site "?"]
[Date "2018.02.04"]
[Round "6"]
[White "ter Steeg, Marcus"]
[Black "Mohrholz, Uwe"]
[Result "1-0"]
[WhiteElo "2056"]
[BlackElo "2000"]
[PlyCount "55"]

1. d4 Nf6 2. c4 c5 3. d5 e6 4. Nc3 exd5 5. cxd5 d6 6. e4 g6 7. Bd3 Bg7 8. h3
O-O 9. Nf3 a6 10. a4 Re8 11. O-O Nbd7 12. Re1 Qc7 13. Bf4 Nh5 14. Be3 Ne5 15.
Be2 Nf6 16. Nd2 c4 17. Qc2 Bd7 18. f4 Nd3 19. Bxd3 cxd3 20. Qxd3 Nh5 21. g4 f5
22. exf5 Rxe3 23. Qxe3 Nf6 24. fxg6 Bxg4 25. hxg4 hxg6 26. Qe6+ Kf8 27. Nde4
Qb6+ 28. Kf1 1-0

[Event "SF Werden - SV Bottrop"]
[Site "?"]
[Date "2018.02.04"]
[Round "6"]
[White "Nowak, Steven"]
[Black "Berger, Konstantin"]
[Result "0-1"]
[WhiteElo "1952"]
[BlackElo "1998"]
[PlyCount "74"]

1. Nf3 c5 2. g3 Nc6 3. Bg2 g6 4. d3 Bg7 5. Nc3 d5 6. O-O Nf6 7. e4 dxe4 8. dxe4
O-O 9. Be3 b6 10. h3 Bb7 11. Nd2 Qc8 12. f4 Ne8 13. e5 Nc7 14. Nce4 Nd5 15. Bf2
Rd8 16. a3 c4 17. c3 Na5 18. Qe2 Qc6 19. Bd4 Rac8 20. Rae1 Qb5 21. Nf3 Nb3 22.
Bf2 Nc7 23. g4 Ne6 24. Bg3 Bxe4 25. Qxe4 Nd2 26. Nxd2 Rxd2 27. f5 Nc5 28. Qf3
Qxb2 29. fxg6 fxg6 30. Qf7+ Kh8 31. Bc6 Qxc3 32. Bh2 Qxh3 33. Bf4 Qxg4+ 34. Kh1
Qh3+ 35. Kg1 Qg4+ 36. Kh1 Rd3 37. Qxe7 Qe6 0-1

[Event "SF Werden - SV Bottrop"]
[Site "?"]
[Date "2018.02.04"]
[Round "6"]
[White "Claussen, Uwe"]
[Black "Masberg, Stefan"]
[Result "0-1"]
[WhiteElo "2025"]
[BlackElo "1912"]
[PlyCount "76"]

1. e4 d6 2. d4 Nf6 3. Bc4 c6 4. Qe2 d5 5. exd5 cxd5 6. Bb5+ Bd7 7. Nf3 Nc6 8.
c3 e6 9. O-O Bd6 10. Bg5 h6 11. Bh4 Qe7 12. Nbd2 O-O 13. Rae1 Rae8 14. Bxc6
Bxc6 15. Ne5 g5 16. Bg3 Bxe5 17. dxe5 Nd7 18. Nb3 f5 19. exf6 Rxf6 20. Nd4 e5
21. f4 gxf4 22. Bh4 Qc5 23. Bxf6 Nxf6 24. Qd3 Kg7 25. b4 Qb6 26. Kh1 exd4 27.
Rxe8 Bxe8 28. Rxf4 dxc3 29. Qxc3 Bg6 30. Qe5 Qc6 31. h3 Be4 32. b5 Qb6 33. a4
Qd8 34. Rg4+ Kf7 35. Rf4 Qe7 36. Qd4 Qe6 37. Qxa7 Qxh3+ 38. Kg1 Qxg2# 0-1

[Event "SF Werden - SV Bottrop"]
[Site "?"]
[Date "2018.02.04"]
[Round "6"]
[White "Gierse, Heinz-Dieter"]
[Black "Hütte, Stefan"]
[Result "1/2-1/2"]
[WhiteElo "1936"]
[BlackElo "1983"]
[PlyCount "40"]

1. Nf3 d6 2. g3 e5 3. d3 f5 4. e4 Nf6 5. Nc3 fxe4 6. dxe4 Be7 7. Bc4 h6 8. Nh4
Bg4 9. f3 Bh5 10. Nf5 Bf8 11. g4 Bg6 12. Be3 Nbd7 13. Qd2 Nb6 14. Bxb6 axb6 15.
O-O-O Qd7 16. g5 hxg5 17. Qxg5 Bh5 18. Rd3 O-O-O 19. Kb1 Bf7 20. Bxf7 Qxf7
1/2-1/2

[Event "SF Werden - SV Bottrop"]
[Site "?"]
[Date "2018.02.04"]
[Round "6"]
[White "Rehfeldt, Jens"]
[Black "Franck, Rudolf"]
[Result "1-0"]
[WhiteElo "1961"]
[BlackElo "1973"]
[PlyCount "35"]

1. d4 d5 2. Nc3 c6 3. Nf3 b5 4. Bf4 e6 5. a3 Nf6 6. e3 Nbd7 7. Bd3 Be7 8. h3 a6
9. Ne2 c5 10. c3 Bb7 11. O-O O-O 12. Rc1 Rc8 13. Bb1 c4 14. Ne5 a5 15. Bg5 Nb6
16. Qc2 b4 17. Bxf6 Bxf6 18. Qxh7# 1-0